00306pam a2200121 a 4500020000500000041000500005082002800010100002200038245006900060260002900129300000800158700001800166 c h a658.80999999999995bTHO aThomas, N, Ingram aSales Management Analysis And Decision MakinghTextual Documents aLondanbThe Dryden Press a426 aLaforge, R, W